• 首页
  • 本馆介绍
  • 公告通知
  • 最新文献
  • 馆藏检索
  • 电子资源
  • 读者导购
  • 参考咨询
  • 我的图书馆
  • 登录
  • 详细信息显示
  • 放入我的书架
  • 预约/预借图书
  • 作者相关作品
  • 分类相关作品
  • 丛书相关作品
  • 出版社相关作品

书目信息

  • 表格格式
  • 工作单格式
  • 卡片格式
题名:
实用起重工手册
    
 
作者: 赵正湘 编
分册:  
出版信息: 银川   宁夏人民出版社  1981.8
页数: 236页
开本: 20cm
丛书名:
单 册:
中图分类: TH211
科图分类:
主题词: 起重机械 , 手枪 , 转轮枪
电子资源:
ISBN:
000 00535nam0 2200205 45
001 0312221749
005 20060414095822.67
010    @dCNY1.31
100    @a20031222d1981 km y0chiy0120 ea
101    @achi
200 1  @a实用起重工手册@AShi Yong Qi Zhong Gong Shou Ce@f赵正湘编@FZhao Zheng Xiang Bian
210    @a银川@c宁夏人民出版社@d1981.8
215    @a236页@d20cm
606 0  @a起重机械
606 0  @a手枪
606 0  @a转轮枪
690    @aTH211@v3
701 0  @a赵正湘@4编
801    @aCN@bTSTCL@c20060414
905    @a213230@dTH211@e1
    
    实用起重工手册/赵正湘编.-银川:宁夏人民出版社,1981.8
    236页;20cm
    
    
    ISBN :CNY1.31
    
●
相关链接 在E读中查询图书 在五车中查询图书 在当当中查询图书 在豆瓣中查询图书


正题名:实用起重工手册     索取号:TH211/1         预约/预借

序号 登录号 条形码 馆藏地/架位号 状态 备注
1 0063909   202258546   密集书库/ [索取号:TH211/1] 在馆    
唐山师范学院图书馆 欢迎您!
大连网信软件有限公司© 版权所有